[Event "Tourn. n9483"]
[Site "www.chess-mail.com"]
[Date "2017.09.06"]
[Round "1"]
[White "Andychesston"]
[Black "Luban"]
[WhiteElo "2080"]
[BlackElo "2150"]
[Result "1-0"]
[Round "1"]
1.e4 c5
2.Ng1f3 d6
3.d4 cxd4
4.Nf3xd4 Ng8f6
5.Nb1c3 a6
6.Bf1d3 e6
7.Bc1d2 Bf8e7
8.Qd1e2 Bc8d7
9.O-O-O Nb8c6
10.Nd4b3 O-O
11.h4 Nc6b4
12.a3 Nb4xd3
13.Qe2xd3 Qd8c7
14.f3 Bd7c6
15.h5 d5
16.h6 g6
17.Bd2g5 dxe4
18.fxe4 Rf8d8
19.Qd3f3 Nf6xe4
20.Bg5xe7 Qc7xe7
21.Nc3xe4 Bc6xe4
22.Qf3xe4 Qe7g5
23.Nb3d2 Rd8d5
24.Qe4h4 Ra8d8
25.Qh4xg5 Rd5xg5
26.Nd2e4 Rg5d5
27.Ne4f6 { resign }
1-0

[Event "Tourn. n9510"]
[Site "www.chess-mail.com"]
[Date "2017.09.06"]
[Round "1"]
[White "Luban"]
[Black "Fantomas"]
[WhiteElo "2100"]
[BlackElo "2130"]
[Result "0-1"]
[Round "1"]
1.d4 Ng8f6
2.c4 e6
3.a3 c5
4.e3 cxd4
5.exd4 d5
6.Bc1e3 Nb8c6
7.h3 Bf8e7
8.Ng1f3 O-O
9.Nb1c3 dxc4
10.Bf1xc4 a6
11.O-O Qd8c7
12.Bc4a2 Rf8d8
13.Ra1c1 b5
14.Nc3xb5 axb5
15.Nf3e5 Bc8b7
16.Qd1c2 Ra8a6
17.Rf1d1 Qc7b8
18.Be3f4 Nc6xd4
19.Ne5g6 hxg6
20.Bf4xb8 Nd4xc2
21.Rd1xd8 Be7xd8
22.Rc1xc2 Ra6c6
23.Rc2d2 Rc6c8
24.Bb8e5 Nf6d5
25.Kf1 Bd8f6
26.Be5h2 Bf6g5
27.Ba2xd5 Bb7xd5
28.f4 Bg5f6
29.g4 g5
30.f5 Rc8d8
31.Kf2 exf5
32.gxf5 Bd5e4
{ resign }
0-1

[Event "Tourn. n9470"]
[Site "www.chess-mail.com"]
[Date "2017.09.06"]
[Round "1"]
[White "Add"]
[Black "Cirovicz"]
[WhiteElo "2260"]
[BlackElo "2130"]
[Result "0-1"]
[Round "1"]
1.e4 c5
2.Ng1f3 e6
3.e5 Nb8c6
4.Nb1c3 d5
5.exd6 Qd8xd6
6.d3 Ng8f6
7.h3 Nf6d5
8.Nc3e4 Qd6c7
9.c3 f5
10.Ne4g3 Bf8d6
11.Ng3e2 e5
12.c4 e4
13.cxd5 exf3
14.Ne2c3 Qc7e7
15.Bc1e3 f4
16.dxc6 fxe3
17.Qd1xf3 exf2
18.Kd2 Rh8f8
19.Qf3h5 g6
20.Qh5e2 Bd6f4
21.Kc2 Qe7xe2
22.Bf1xe2 bxc6
23.Nc3e4 Bf4e3
24.Be2f3 c4
25.Ne4d6 Kd7
26.Nd6xc4 Be3d4
27.Nc4a5 Rf8f6
28.Na5b3 Bd4b6
29.Rh1f1 Bc8a6
30.Ra1d1 Ra8f8
31.Nb3d2 Bb6e3
32.Nd2e4 Rf6xf3
33.gxf3 Rf8xf3
34.Ne4xf2 Rf3xf2
35.Rf1xf2 Be3xf2
36.Rd1f1 Bf2e3
37.Rf1f7 Kd6
38.Rf7xh7 g5
39.b3 Ba6c8
40.Kc3 Bc8f5
41.d4 Bf5xh7
{ resign }
0-1

[Event "Tourn. n9507"]
[Site "www.chess-mail.com"]
[Date "2017.09.06"]
[Round "1"]
[White "Estonia"]
[Black "Bojan"]
[WhiteElo "2050"]
[BlackElo "2040"]
[Result "0-1"]
[Round "1"]
1.e4 e5
2.Ng1f3 d6
3.d4 exd4
4.Nf3xd4 c5
5.Bf1b5 Bc8d7
6.Bb5xd7 Nb8xd7
7.Nd4f5 Nd7b6
8.Bc1e3 g6
9.Nf5g3 Nb6c4
10.Qd1c1 Bf8g7
11.c3 Qd8b6
12.b3 Nc4e5
13.Qc1c2 O-O-O
14.Nb1a3 Qb6a5
15.Na3c4 Ne5xc4
16.bxc4 Bg7xc3
17.Be3d2 Bc3xd2
18.Qc2xd2 Qa5xd2
19.Kxd2 Ng8e7
20.a4 Ne7c6
21.Rh1b1 b6
22.f3 Rh8e8
23.Ng3e2 Re8e5
24.Rb1b3 Nc6a5
25.Rb3c3 Rd8e8
26.Ne2f4 f5
27.exf5 Re5xf5
28.Nf4e2 Rf5g5
29.g3 Rg5e5
30.Ne2f4 g5
31.Nf4d5 Re5e2
32.Kd3 Re2xh2
33.Nd5f6 Re8e2
34.Ra1d1 Na5c6
35.Nf6d5 Nc6e5
{ resign }
0-1

[Event "Tourn. n9512"]
[Site "www.chess-mail.com"]
[Date "2017.09.06"]
[Round "1"]
[White "Biggles"]
[Black "Xkafi"]
[WhiteElo "2130"]
[BlackElo "2030"]
[Result "1-0"]
[Round "1"]
1.e4 e5
2.Ng1f3 Nb8c6
3.d4 exd4
4.Bf1c4 Bf8c5
5.O-O h6
6.c3 dxc3
7.Bc4xf7 Kxf7
8.Qd1d5 Ke8
9.Qd5xc5 cxb2
10.Bc1xb2 Ng8f6
11.e5 d6
12.Qc5b5 dxe5
13.Nf3xe5 Bc8d7
14.Ne5g6 Rh8g8
15.Qb5b3 Rg8f8
16.Rf1e1 Nc6e7
17.Re1xe7 { resign }
1-0

[Event "Tourn. n9471"]
[Site "www.chess-mail.com"]
[Date "2017.09.06"]
[Round "1"]
[White "Coolant"]
[Black "Faerieking"]
[WhiteElo "2310"]
[BlackElo "2270"]
[Result "1-0"]
[Round "1"]
1.Nb1c3 e5
2.Ng1f3 Nb8c6
3.e4 Ng8f6
4.Bf1b5 Nc6d4
5.Bb5c4 Bf8c5
6.Nf3xe5 Qd8e7
7.Ne5d3 d5
8.Bc4xd5 Nf6xd5
9.Nc3xd5 Qe7xe4
10.Nd5e3 Bc5d6
11.O-O Bc8e6
12.Rf1e1 O-O-O
13.b3 Rh8e8
14.Bc1b2 Nd4f5
15.Ne3c4 Qe4h4
16.Nc4xd6 Nf5xd6
17.Nd3c5 Be6g4
18.f3 Bg4h5
19.d3 b6
20.Re1xe8 Rd8xe8
21.Nc5e4 f5
22.Ne4xd6 cxd6
23.Qd1f1 Qh4e7
24.Bb2d4 g5
25.Bd4f2 Qe7c7
26.c4 f4
27.Ra1e1 Qc7d7
28.Re1xe8 Qd7xe8
29.Qf1a1 Qe8e7
30.Qa1d4 Bh5g6
31.Kf1 { resign }
1-0

[Event "Tourn. n9486"]
[Site "www.chess-mail.com"]
[Date "2017.09.06"]
[Round "1"]
[White "Andychesston"]
[Black "Luban"]
[WhiteElo "2080"]
[BlackElo "2150"]
[Result "1-0"]
[Round "1"]
1.e4 c5
2.Ng1f3 d6
3.d4 cxd4
4.Nf3xd4 Ng8f6
5.Nb1c3 a6
6.Bf1d3 e6
7.Bc1d2 Bc8d7
8.Qd1e2 Bf8e7
9.f4 Nb8c6
10.Nd4b3 O-O
11.O-O-O Nc6b4
12.e5 Nb4xd3
13.Qe2xd3 dxe5
14.fxe5 Nf6g4
15.Qd3g3 f5
16.h4 b5
17.Nc3e2 Qd8b6
18.Rh1f1 Bd7c6
19.Nb3d4 Bc6d5
20.Kb1 Be7c5
21.Bd2e3 Ng4xe3
22.Qg3xe3 Bd5xg2
23.Rf1g1 Bg2e4
24.Qe3h6 g6
25.h5 f4
26.hxg6 { resign }
1-0

[Event "Tourn. n9495"]
[Site "www.chess-mail.com"]
[Date "2017.09.06"]
[Round "1"]
[White "Picifarkinca"]
[Black "Cjood"]
[WhiteElo "2090"]
[BlackElo "1900"]
[Result "1-0"]
[Round "1"]
1.e4 c5
2.Ng1f3 g6
3.c3 Bf8g7
4.d4 cxd4
5.Nf3xd4 Nb8c6
6.Bc1e3 Nc6xd4
7.Be3xd4 Bg7xd4
8.Qd1xd4 f6
9.Bf1c4 e6
10.Nb1d2 Qd8c7
11.O-O a6
12.Bc4b3 b5
13.c4 b4
14.Rf1e1 e5
15.Qd4e3 a5
16.c5 Ng8e7
17.Nd2c4 a4
18.Nc4d6 Kf8
19.Bb3c4 Bc8a6
20.Qe3h6 
1-0

[Event "Tourn. n9507"]
[Site "www.chess-mail.com"]
[Date "2017.09.06"]
[Round "1"]
[White "Estonia"]
[Black "Guidom"]
[WhiteElo "2050"]
[BlackElo "2130"]
[Result "0-1"]
[Round "1"]
1.d4 d5
2.c4 c6
3.e3 Ng8f6
4.Nb1c3 e6
5.Ng1f3 Bf8b4
6.Bc1d2 O-O
7.Bf1d3 h6
8.O-O Nb8d7
9.cxd5 exd5
10.a3 Bb4d6
11.Ra1c1 Nd7b6
12.Bd3b1 Bc8g4
13.h3 Bg4h5
14.g4 Bh5g6
15.Bb1xg6 fxg6
16.Nf3h4 g5
17.Nh4f5 Bd6b8
18.f4 gxf4
19.Rf1xf4 Bb8xf4
20.exf4 Nb6c4
21.Rc1c2 Qd8b6
22.Bd2c1 Ra8e8
23.Nc3a4 Qb6c7
24.Na4c5 Nf6e4
25.Nc5xe4 Re8xe4
26.Rc2xc4 dxc4
27.Qd1c2 Rf8e8
28.Qc2xc4 Kh8
29.Qc4c3 Qc7d7
30.d5 cxd5
31.b4 d4
32.Qc3b3 Re4e1
{ resign }
0-1

[Event "Tourn. n9487"]
[Site "www.chess-mail.com"]
[Date "2017.09.06"]
[Round "1"]
[White "Sorim"]
[Black "Amaya"]
[WhiteElo "2020"]
[BlackElo "2070"]
[Result "0-1"]
[Round "1"]
1.d4 Ng8f6
2.Bc1g5 g6
3.Nb1c3 Bf8g7
4.Ng1f3 O-O
5.e3 d6
6.Bf1e2 Nb8d7
7.O-O e5
8.e4 b6
9.d5 Nd7c5
10.Nf3d2 Bc8d7
11.h3 { time. }
0-1

[Event "Match"]
[Site "www.echecsemail.com"]
[Date "2017.09.06"]
[Round "1"]
[White "Bjonil60"]
[Black "Sonny1000"]
[WhiteElo "1480"]
[BlackElo "1490"]
[Result "1-0"]
[Round "1"]
1.d4 d5
2.Ng1f3 f6
3.e3 Bc8f5
4.h3 Qd8d6
5.Nb1c3 e5
6.g4 Bf5e4
7.Bf1g2 c6
8.O-O g5
9.a3 Be4xf3
10.Bg2xf3 a5
11.b3 exd4
12.Qd1xd4 Qd6c5
13.Qd4d3 Ng8e7
14.b4 axb4
15.Nc3b1 Qc5c4
16.Qd3d2 bxa3
17.Nb1xa3 Qc4c5
18.Bc1b2 Ne7g8
19.Bb2d4 Qc5d6
20.c3 h5
21.gxh5 c5
22.Na3b5 Qd6b6
23.Ra1b1 Nb8a6
24.Bd4e5 fxe5
25.Qd2xd5 Bf8g7
26.Rf1d1 Kf8
27.Nb5d6 Qb6c7
28.Rb1xb7 Qc7xb7
29.Qd5xb7 Na6c7
30.Qb7xc7 Ng8e7
31.Qc7b7 Bg7h6
32.Qb7xa8 Kg7
33.Nd6e8 Kf8
34.Ne8f6 Kg7
35.Qa8a6 g4
36.Bf3e2 Kf7
37.Be2xg4 Rh8g8
38.Nf6xg8 Kxg8
39.Qa6e6 Kf8
40.Qe6xh6 Kf7
41.Rd1d7 Ke8
42.Qh6h8 Kf7
43.h6 Kg6
44.Qh8g7 { resign }
1-0

[Event "Match"]
[Site "www.echecsemail.com"]
[Date "2017.09.06"]
[Round "1"]
[White "Cjood"]
[Black "Dussek"]
[WhiteElo "1900"]
[BlackElo "1880"]
[Result "1-0"]
[Round "1"]
1.g3 Ng8f6
2.e3 e5
3.Bf1g2 d5
4.d4 Nb8d7
5.dxe5 Nd7xe5
6.Nb1c3 Bc8e6
7.Bc1d2 Bf8b4
8.Ng1e2 O-O
9.a3 Bb4a5
10.O-O Ne5c4
11.b4 Ba5b6
12.Bd2c1 c6
13.a4 Qd8e7
14.b5 Rf8d8
15.bxc6 bxc6
16.a5 Nc4xa5
17.Bc1a3 Qe7c7
18.Ba3b2 Na5c4
19.Bb2c1 Ra8b8
20.Rf1e1 Bb6a5
21.Qd1d4 Ba5b6
22.Qd4d3 Nc4e5
23.Qd3d1 Be6g4
24.Re1f1 Nf6e4
25.f3 Ne4xc3
26.Ne2xc3 Ne5c4
27.fxg4 Bb6xe3
28.Kh1 d4
29.Nc3e2 c5
30.Rf1f3 Nc4b2
31.Bc1xb2 Rb8xb2
32.Qd1d3 c4
33.Qd3f5 c3
34.h4 g6
35.Qf5f6 Rb2xc2
36.Bg2f1 Rd8d6
37.Qf6e5 Qc7d7
38.g5 Rd6e6
39.Qe5b8 Kg7
40.Ra1xa7 Qd7d5
41.Ra7xf7 
1-0

[Event "Match"]
[Site "www.echecsemail.com"]
[Date "2017.09.06"]
[Round "1"]
[White "Pinehill"]
[Black "Heaven"]
[WhiteElo "2100"]
[BlackElo "1589"]
[Result "1-0"]
[Round "1"]
1.e4 e5
2.d4 d6
3.Ng1f3 Bc8g4
4.dxe5 Bg4xf3
5.gxf3 dxe5
6.Bf1d3 Nb8d7
7.f4 Bf8e7
8.Nb1c3 f6
9.Bc1e3 g6
10.Qd1d2 a6
11.O-O-O c5
12.Kb1 exf4
13.Be3xf4 Nd7f8
14.Bf4h6 g5
15.Bh6xf8 Be7xf8
16.Nc3d5 Bf8d6
17.c4 Bd6e5
18.Bd3e2 h5
19.Qd2c2 Be5d4
20.h4 Bd4xf2
21.hxg5 Bf2d4
22.Be2xh5 Kf8
23.Nd5xf6 Ng8xf6
24.gxf6 { resign }
1-0

[Event "1/128 Finale"]
[Site "www.chess-mail.com"]
[Date "2017.09.06"]
[Round "1"]
[White "Hennie4820"]
[Black "Llord"]
[WhiteElo "2040"]
[BlackElo "1930"]
[Result "1-0"]
[Round "1"]
1.e4 e5
2.Ng1f3 Nb8c6
3.Bf1c4 Ng8f6
4.d4 Bf8d6
5.dxe5 Nc6xe5
6.Nf3xe5 Bd6xe5
7.O-O O-O
8.c3 d6
9.f4 Bc8g4
10.Qd1b3 Nf6xe4
11.fxe5 Ne4g5
12.exd6 cxd6
13.Bc1f4 Bg4e6
14.Bf4xg5 Qd8e8
15.Bc4xe6 Qe8xe6
16.Qb3c2 g6
17.Nb1d2 d5
18.Bg5f6 Ra8e8
19.Nd2b3 Qe6e3
20.Kh1 Re8e6
21.Nb3d4 Re6e4
22.Qc2f2 Rf8e8
23.Qf2xe3 Re4xe3
24.h3 h5
25.Rf1f2 Kf8
26.Ra1f1 Kg8
27.Bf6g5 Re3e5
28.Bg5h6 Kh7
29.Bh6f4 Re5e4
30.Bf4g5 Kg8
31.Rf2xf7 Re4e5
32.Bg5h6 a6
33.Rf7xb7 { resign }
1-0

[Event "1/64 Finale"]
[Site "www.chess-mail.com"]
[Date "2017.09.06"]
[Round "1"]
[White "Bojan"]
[Black "Bronstein70"]
[WhiteElo "2040"]
[BlackElo "2380"]
[Result "0-1"]
[Round "1"]
1.e4 e5
2.Ng1f3 Ng8f6
3.Nf3xe5 d6
4.Ne5c4 Nf6xe4
5.Qd1f3 d5
6.d3 Ne4f6
7.Nc4e5 Bf8d6
8.d4 O-O
9.Bc1g5 Rf8e8
10.Bg5xf6 gxf6
11.Qf3xd5 Bd6b4
12.c3 Qd8xd5
{ resign }
0-1

[Event "Tourn. n9403"]
[Site "www.chess-mail.com"]
[Date "2017.09.07"]
[Round "1"]
[White "Gvladutz"]
[Black "Osopanda"]
[WhiteElo "1499"]
[BlackElo "1700"]
[Result "1-0"]
[Round "1"]
1.d4 d6
2.c4 Ng8f6
3.Nb1c3 Nb8d7
4.e4 e5
5.Ng1f3 c6
6.Bf1e2 Bf8e7
7.O-O O-O
8.Qd1c2 Qd8c7
9.Rf1d1 Rf8d8
10.h3 Nd7f8
11.Bc1e3 Bc8e6
12.Nf3h4 d5
13.dxe5 Nf6xe4
14.Nc3xe4 dxe4
15.Qc2xe4 Nf8g6
16.Nh4xg6 hxg6
17.Be2g4 Rd8xd1
18.Ra1xd1 Ra8d8
19.Rd1xd8 Qc7xd8
20.Bg4xe6 fxe6
21.Qe4xg6 Qd8d1
22.Kh2 Qd1d7
23.Be3xa7 Be7b4
24.Ba7e3 Qd7f7
25.Qg6xf7 Kxf7
26.Kg3 Kg6
27.f4 Kf5
28.Kf3 b5
29.g4 Kg6
30.cxb5 cxb5
31.h4 Bb4e7
32.f5 exf5
33.h5 Kf7
34.gxf5 Be7h4
35.Ke4 Ke7
36.Kd5 Bh4g3
37.Be3g5 Kf7
38.e6 Ke8
39.f6 gxf6
40.h6 fxg5
41.h7 { resign }
1-0

[Event "Tourn. n9497"]
[Site "www.chess-mail.com"]
[Date "2017.09.07"]
[Round "1"]
[White "Llcervello"]
[Black "Cjood"]
[WhiteElo "1650"]
[BlackElo "1900"]
[Result "0-1"]
[Round "1"]
1.e4 e5
2.Ng1f3 Nb8c6
3.Bf1c4 Ng8f6
4.Nf3g5 d5
5.exd5 Nc6a5
6.Qd1e2 Na5xc4
7.Qe2xc4 Nf6xd5
8.Qc4e4 Qd8xg5
9.Kf1 Bc8e6
10.h4 Qg5f6
11.c4 Bf8c5
12.f3 Nd5b4
13.Qe4xb7 Be6xc4
14.Ke1 O-O
15.Nb1a3 Bc4d5
16.Qb7b5 Qf6d6
17.d3 Ra8b8
18.Qb5a4 Bd5c6
19.Qa4b3 Nb4xd3
20.Qb3xd3 Qd6xd3
21.Bc1d2 Rb8xb2
22.Ra1d1 Bc5xa3
23.Kf2 Rb2xd2
24.Rd1xd2 Qd3xd2
25.Kg3 Qd2xa2
26.Rh1e1 Ba3d6
27.Re1c1 e4
28.f4 Qa2a3
29.Kg4 Qa3xc1
{ resign }
0-1

[Event "Tourn. n9496"]
[Site "www.chess-mail.com"]
[Date "2017.09.07"]
[Round "1"]
[White "Coolant"]
[Black "Kermet"]
[WhiteElo "2290"]
[BlackElo "2420"]
[Result "1/2-1/2"]
[Round "1"]
1.Nb1c3 d5
2.d4 Bc8f5
3.f3 Ng8f6
4.Bc1g5 Bf5g6
5.Ng1h3 e6
6.Nh3f4 Bf8e7
7.Nf4xg6 hxg6
8.Qd1d3 Nb8c6
9.O-O-O Qd8d7
10.e3 O-O-O
11.Qd3b5 Nf6e8
12.Bg5xe7 Qd7xe7
13.Qb5a4 Ne8d6
14.Nc3b5 Kb8
15.Nb5xd6 Qe7xd6
{ draw }
1/2-1/2

[Event "Tourn. n9475"]
[Site "www.chess-mail.com"]
[Date "2017.09.07"]
[Round "1"]
[White "Cal"]
[Black "Pachi"]
[WhiteElo "1620"]
[BlackElo "1510"]
[Result "1-0"]
[Round "1"]
1.Nb1c3 Ng8f6
2.e4 e5
3.a3 c6
4.Ng1f3 d6
5.d3 Bc8g4
6.Bf1e2 Bg4xf3
7.Be2xf3 Nb8d7
8.b4 a5
9.Bc1g5 g6
10.h3 Bf8g7
11.O-O O-O
12.Nc3e2 Qd8b6
13.c4 c5
14.b5 Rf8c8
15.a4 Nf6e8
16.Bg5e7 Bg7f6
17.Ne2g3 Bf6xe7
18.Qd1d2 Ne8g7
19.Bf3g4 f5
20.exf5 gxf5
21.Bg4f3 Nd7f6
22.Qd2g5 Kf8
23.Qg5h6 Rc8d8
24.Ng3xf5 Nf6e8
25.Bf3h5 Be7f6
26.Bh5xe8 Kxe8
27.Nf5xg7 Bf6xg7
28.Qh6xg7 d5
29.Qg7xe5 Kf8
30.Qe5h8 Ke7
31.Ra1e1 Kd7
32.Qh8xh7 Kc8
33.Re1e7 dxc4
34.Qh7f5 Kb8
35.dxc4 Qb6d6
36.Rf1e1 Qd6d4
37.b6 Ra8a6
38.Re7e8 Ra6xb6
39.Re8xd8 Qd4xd8
40.Qf5xc5 Rb6b4
41.Qc5e5 Ka8
42.Qe5c5 Rb4xa4
43.Qc5b5 Ra4a3
44.Re1e8 Ra3a1
45.Kh2 Qd8b8
46.Re8xb8 Kxb8
47.Qb5e5 { resign }
1-0

[Event "Tourn. n9507"]
[Site "www.chess-mail.com"]
[Date "2017.09.07"]
[Round "1"]
[White "Ssharp"]
[Black "Guidom"]
[WhiteElo "2190"]
[BlackElo "2130"]
[Result "1/2-1/2"]
[Round "1"]
1.e4 e5
2.Ng1f3 Nb8c6
3.Bf1c4 d6
4.d4 exd4
5.Nf3xd4 Nc6e5
6.Bc4b3 Ng8f6
7.Nb1c3 a6
8.O-O c5
9.Nd4f3 Bc8g4
10.a3 Ne5xf3
11.gxf3 Bg4h3
12.Kh1 Bh3xf1
13.Qd1xf1 Bf8e7
14.Bc1e3 Qd8c7
15.Ra1d1 O-O-O
16.Bb3xf7 Qc7c6
17.Bf7d5 Qc6c7
18.Rd1d3 Rh8f8
19.Qf1g2 g6
20.Nc3e2 Nf6h5
21.b4 b6
22.c4 Be7f6
23.Rd3b3 Bf6e5
24.bxc5 dxc5
25.Ne2c3 Be5xc3
26.Rb3xc3 Nh5f4
27.Qg2f1 Nf4xd5
28.cxd5 Kb7
29.f4 Rf8xf4
{ draw }
1/2-1/2

[Event "Tourn. n9472"]
[Site "www.chess-mail.com"]
[Date "2017.09.07"]
[Round "1"]
[White "Fantomas"]
[Black "Picifarkinca"]
[WhiteElo "1960"]
[BlackElo "2000"]
[Result "0-1"]
[Round "1"]
1.d4 e6
2.Ng1f3 d5
3.e3 Ng8f6
4.Bf1d3 c5
5.dxc5 Bf8xc5
6.O-O O-O
7.c3 Nb8c6
8.Qd1c2 h6
9.Nb1d2 e5
10.e4 Bc8e6
11.b4 Bc5d6
12.a3 Ra8c8
13.exd5 Nf6xd5
14.Nd2c4 Bd6b8
15.Bc1b2 b5
16.Nc4d2 Nd5f4
17.Bd3xb5 Nc6d4
18.Qc2d1 Nd4xb5
19.Ra1c1 Nf4d3
20.Qd1a4 Nd3xb2
21.Qa4xb5 Nb2c4
22.Rf1d1 Qd8b6
23.Qb5xb6 axb6
24.Nd2xc4 Rc8xc4
25.Nf3d2 Rc4c8
26.f3 b5
{ resign }
0-1

[Event "Tourn. n9352"]
[Site "www.chess-mail.com"]
[Date "2017.09.07"]
[Round "1"]
[White "Seger"]
[Black "Obisporey"]
[WhiteElo "2650"]
[BlackElo "2620"]
[Result "1/2-1/2"]
[Round "1"]
1.c4 Ng8f6
2.d4 e6
3.Nb1c3 Bf8b4
4.Qd1c2 O-O
5.a3 Bb4xc3
6.Qc2xc3 d5
7.Bc1g5 dxc4
8.Qc3xc4 b6
9.Ng1f3 Bc8a6
10.Qc4a4 Qd8d7
11.Qa4c2 c5
12.dxc5 Rf8c8
13.Ra1d1 Qd7e7
14.e4 Ba6xf1
15.Kxf1 Qe7xc5
16.Qc2xc5 bxc5
17.a4 Nf6xe4
18.g3 Nb8c6
19.Bg5f4 Ne4f6
20.Rd1c1 Nc6b4
21.Ke2 Nb4d5
22.Bf4d2 Ra8b8
23.Rc1c2 Nf6e4
24.Rh1c1 f6
25.Bd2e1 Rc8d8
26.Nf3d2 Ne4d6
27.b3 c4
28.Nd2xc4 Nd6f5
29.Rc2b2 Nf5d4
30.Kf1 Rb8xb3
31.Rb2xb3 Nd4xb3
32.Rc1b1 Nb3c5
33.a5 a6
34.Nc4e3 Nc5d3
35.Be1d2 Nd3e5
36.Ne3xd5 exd5
37.Ke2 Rd8e8
38.f4 Ne5g4
39.Kd3 Ng4xh2
40.Bd2e3 Nh2g4
41.Be3c5 Ng4h6
42.Rb1b6 Re8a8
43.Rb6b7 Nh6f5
44.g4 Ra8c8
45.Bc5f2 Nf5h6
46.g5 fxg5
47.fxg5 Nh6f7
48.Bf2d4 Kf8
49.Rb7b6 Nf7xg5
50.Rb6xa6 Rc8c4
51.Ra6d6 Rc4a4
52.Rd6xd5 Ng5e6
53.Bd4e5 { draw }
1/2-1/2

[Event "Tourn. n9450"]
[Site "www.chess-mail.com"]
[Date "2017.09.07"]
[Round "1"]
[White "Hundegana"]
[Black "Astroboy"]
[WhiteElo "2050"]
[BlackElo "2280"]
[Result "0-1"]
[Round "1"]
1.e4 d5
2.exd5 Qd8xd5
3.Nb1c3 Qd5d6
4.h3 Ng8f6
5.Ng1f3 c6
6.Bf1d3 Nb8d7
7.O-O g6
8.Rf1e1 Bf8g7
9.Qd1e2 e6
10.Nc3e4 Nf6xe4
11.Qe2xe4 Nd7f6
12.Qe4d4 Qd6xd4
13.Nf3xd4 O-O
14.c3 c5
15.Nd4f3 Rf8d8
16.Bd3c2 b5
17.d3 Bc8b7
18.Nf3e5 Nf6d7
19.Ne5xd7 Rd8xd7
20.Bc1e3 b4
21.cxb4 cxb4
22.Ra1b1 Bb7d5
23.b3 Bd5b7
24.f3 Ra8c8
25.Re1c1 Rd7c7
26.Bc2d1 Bg7d4
27.Be3xd4 Rc7xc1
28.Rb1b2 Rc1xd1
29.Kh2 a6
30.Bd4f6 Rd1xd3
31.Kg3 Kf8
32.Kf4 Rc8c5
33.h4 Rc5f5
34.Kg4 Rf5xf6
35.Kg5 Kg7
36.Rb2c2 Rd3d4
37.Rc2c7 Rf6f5
{ resign }
0-1

[Event "Tourn. n9427"]
[Site "www.chess-mail.com"]
[Date "2017.09.07"]
[Round "1"]
[White "Tartan"]
[Black "Goofy"]
[WhiteElo "2420"]
[BlackElo "2320"]
[Result "0-1"]
[Round "1"]
1.e4 d5
2.exd5 Qd8xd5
3.Nb1c3 Qd5d6
4.d4 Ng8f6
5.Ng1f3 c6
6.Nf3e5 Nb8d7
7.Ne5c4 Qd6c7
8.a4 g6
9.Bf1d3 Bf8g7
10.Qd1f3 O-O
11.Bc1f4 Qc7d8
12.O-O Nd7b6
13.Bf4e5 Nb6xc4
14.Bd3xc4 Bc8f5
15.Bc4b3 Qd8d7
16.Rf1e1 Ra8d8
17.Ra1d1 Bf5g4
18.Qf3g3 Bg4xd1
19.Re1xd1 Qd7f5
20.Rd1e1 Nf6h5
21.Qg3h4 Bg7f6
22.Be5xf6 Qf5xf6
23.Qh4xf6 exf6
24.Re1e7 Rd8xd4
25.Re7xb7 Rf8d8
26.Bb3xf7 Kf8
27.g3 Rd4d7
28.Rb7xd7 Rd8xd7
29.Bf7b3 f5
30.a5 Nh5f6
31.Kg2 Nf6e4
32.Nc3xe4 fxe4
33.Kf1 Rd7d2
34.Ke1 e3
35.fxe3 Rd2xh2
36.Kf1 Rh2h1
{ resign }
0-1

[Event "Tourn. n9335"]
[Site "www.chess-mail.com"]
[Date "2017.09.07"]
[Round "1"]
[White "Bronstein70"]
[Black "Tartan"]
[WhiteElo "2440"]
[BlackElo "2470"]
[Result "1-0"]
[Round "1"]
1.e4 c5
2.f4 Nb8c6
3.Ng1f3 e6
4.Nb1c3 Ng8e7
5.Bf1e2 d5
6.O-O d4
7.Nc3a4 Ne7g6
8.Be2b5 Ng6xf4
9.d3 Nf4g6
10.Bb5xc6 bxc6
11.b3 Ra8b8
12.Bc1a3 Bf8d6
13.Ba3xc5 Bd6xc5
14.Na4xc5 Qd8d6
15.Nc5a4 O-O
16.c3 c5
17.cxd4 cxd4
18.Qd1c2 Rf8d8
19.Qc2c5 e5
20.g3 Qd6xc5
21.Na4xc5 Bc8g4
22.Ra1c1 Rd8c8
23.Kg2 Rc8c6
24.Rc1c4 Rb8c8
25.Rf1c1 f6
26.h3 Bg4xf3
27.Kxf3 Rc6b6
28.b4 Kf7
29.a4 Ng6f8
30.b5 Ke7
31.Nc5a6 Rc8xc4
32.dxc4 Nf8e6
33.c5 Rb6xa6
34.bxa6 Ne6g5
35.Kg2 d3
36.Rc1b1 Ke6
37.Rb1b6 Kd7
38.Rb6b7 Kc6
39.Kf2 Ng5xe4
40.Ke3 d2
41.Ke2 Kxc5
42.Rb7xa7 Kb6
43.Ra7xg7 Kxa6
44.Rg7xh7 Ka5
45.h4 Kxa4
46.h5 Ne4xg3
47.Kxd2 Ng3f5
48.h6 { resign }
1-0

[Event "Tourn. n9512"]
[Site "www.chess-mail.com"]
[Date "2017.09.07"]
[Round "1"]
[White "Biggles"]
[Black "Fantomas"]
[WhiteElo "2130"]
[BlackElo "2180"]
[Result "0-1"]
[Round "1"]
1.e4 c5
2.Ng1f3 d6
3.d4 cxd4
4.Nf3xd4 Ng8f6
5.Nb1c3 g6
6.Bf1e2 Bf8g7
7.Bc1e3 O-O
8.Qd1d2 Nb8c6
9.Ra1d1 a6
10.O-O Nf6g4
11.Be2xg4 Bc8xg4
12.f3 Bg4d7
13.Kh1 Nc6e5
14.Be3h6 b5
15.Bh6xg7 Kxg7
16.h3 Ne5c4
17.Qd2c1 Ra8c8
18.Nc3e2 Qd8b6
19.b3 Nc4a5
20.f4 Qb6c5
21.Qc1b2 f6
22.b4 Na5c4
23.Qb2b3 Qc5b6
24.f5 g5
25.Rf1f3 Qb6b7
26.Ne2g3 Rf8g8
27.Rf3f2 h6
28.Rd1f1 Kh7
29.Qb3f3 Nc4e5
30.Qf3e2 Rc8c4
31.Nd4f3 Ne5xf3
32.Rf2xf3 Rc4xb4
33.Rf3c3 Rg8c8
34.Rc3xc8 Qb7xc8
35.Qe2d3 Qc8c4
36.Qd3d1 Bd7e8
37.Qd1d5 Qc4xd5
38.exd5 Kg7
39.c3 Rb4b2
40.Rf1e1 Kf8
41.Re1e2 Rb2xe2
42.Ng3xe2 Be8f7
43.a4 Bf7xd5
44.axb5 axb5
45.Ne2d4 Bd5c4
46.Kg1 Kf7
47.Kf2 h5
48.g3 Ke8
49.Ke3 Kd7
50.Nd4f3 e6
51.Nf3d4 exf5
52.Nd4xf5 Bc4e6
53.Nf5g7 Be6xh3
54.Ng7xh5 Ke7
55.Kf3 f5
56.Nh5g7 Kf7
57.Ng7h5 Kg6
58.Nh5f4 gxf4
59.gxf4 Kh5
60.Kf2 Kg4
{ resign }
0-1

[Event "Tourn. n9473"]
[Site "www.chess-mail.com"]
[Date "2017.09.07"]
[Round "1"]
[White "Falcoale"]
[Black "Mitja"]
[WhiteElo "2000"]
[BlackElo "2040"]
[Result "0-1"]
[Round "1"]
1.e4 d5
2.exd5 Qd8xd5
3.Nb1c3 Qd5d8
4.Bf1c4 e6
5.Ng1f3 c6
6.O-O h6
7.a3 Ng8f6
8.Rf1e1 Bf8e7
9.d3 Nb8d7
10.b4 Nd7b6
11.Bc4b3 Nb6d5
12.Nc3xd5 Nf6xd5
13.c4 Nd5f6
14.Bc1b2 b6
15.Nf3e5 Bc8b7
16.Ra1c1 c5
17.b5 a5
18.Rc1c2 Qd8c7
19.d4 O-O
20.Ne5c6 Bb7xc6
21.bxc6 Qc7xc6
22.Rc2e2 cxd4
23.Qd1xd4 Rf8d8
24.Qd4f4 Ra8c8
25.Qf4g3 b5
26.cxb5 Qc6xb5
27.a4 Qb5b8
28.Bb2c1 Qb8xg3
29.hxg3 Be7b4
30.Re1f1 Nf6d5
31.Bb3xd5 Rd8xd5
32.Re2e4 Rc8d8
33.Re4g4 Kh7
34.Bc1b2 Rd5g5
35.Rg4c4 Rg5d5
36.Rc4c7 Rd5d7
37.Rf1c1 Kg8
38.Rc7xd7 Rd8xd7
39.Rc1c4 Rd7d2
40.Rc4c8 Kh7
41.Bb2e5 f6
42.Be5b8 Rd2a2
43.Rc8c6 e5
44.Bb8d6 Bb4xd6
45.Rc6xd6 Ra2xa4
46.Rd6a6 Ra4a1
47.Kh2 a4
48.g4 Kg6
49.Kg3 Ra1a3
50.Kh4 Ra3a1
51.Kg3 a3
52.Kf3 a2
53.Kg3 h5
54.Ra6a7 hxg4
55.Kxg4 f5
56.Kg3 Kh6
57.Ra7a8 Kg5
58.Ra8a7 g6
59.Kh3 Ra1h1
{ resign }
0-1

[Event "Tourn. n9475"]
[Site "www.chess-mail.com"]
[Date "2017.09.07"]
[Round "1"]
[White "Julian"]
[Black "Pachi"]
[WhiteElo "1590"]
[BlackElo "1530"]
[Result "0-1"]
[Round "1"]
1.e4 e5
2.Ng1f3 d6
3.d4 Bc8g4
4.dxe5 Bg4xf3
5.Qd1xf3 a6
6.exd6 Qd8xd6
7.Bf1c4 f6
8.O-O b5
9.Bc4xg8 Rh8xg8
10.Bc1f4 Qd6d4
11.Nb1c3 b4
12.Nc3d5 Ra8a7
13.Ra1d1 Qd4xb2
14.e5 fxe5
15.Qf3h5 { time. }
0-1

[Event "Match"]
[Site "www.echecsemail.com"]
[Date "2017.09.07"]
[Round "1"]
[White "Passaroa25"]
[Black "Claymil"]
[WhiteElo "1690"]
[BlackElo "2080"]
[Result "0-1"]
[Round "1"]
1.e4 e6
2.c3 d5
3.f3 dxe4
4.fxe4 g6
5.Ng1e2 Bf8g7
6.Ne2g3 Ng8e7
7.d3 O-O
8.Nb1d2 b6
9.Bf1e2 Bc8b7
10.Nd2c4 b5
11.Nc4a5 Bb7c8
12.Bc1e3 c6
13.Be3f2 Qd8xa5
14.O-O Bc8b7
15.Bf2c5 Rf8e8
16.b4 Qa5c7
17.Bc5d4 e5
18.Bd4c5 Nb8d7
19.Bc5f2 a5
20.Qd1d2 axb4
21.cxb4 Ra8d8
22.Be2f3 f5
23.Qd2c3 f4
24.Ng3e2 g5
25.Qc3b3 Kh8
26.Bf3g4 Nd7f6
27.Bg4f5 Ne7xf5
28.exf5 h5
29.Ra1d1 Nf6d7
30.h4 g4
31.g3 f3
32.Ne2c3 Nd7f6
33.Nc3e4 Bb7c8
34.Bf2c5 Bc8xf5
35.Bc5d6 Rd8xd6
36.Ne4xd6 Qc7xd6
37.a4 Bf5e6
38.Qb3a3 Nf6d5
39.Rf1e1 Qd6xb4
40.Qa3xb4 Nd5xb4
41.axb5 cxb5
42.Kf2 Kh7
43.Re1e4 Nb4d5
44.Rd1c1 Be6f5
45.Re4e1 Bf5xd3
46.Rc1c5 Nd5b4
47.Re1e3 e4
48.Rc5xh5 Bg7h6
49.Rh5f5 Nb4c2
50.Rf5f7 Kg6
51.Re3xd3 exd3
52.Rf7d7 d2
53.Rd7d6 Kg7
54.h5 Re8e2
{ resign }
0-1

[Event "Match"]
[Site "www.echecsemail.com"]
[Date "2017.09.07"]
[Round "1"]
[White "Cjood"]
[Black "Whitekknight"]
[WhiteElo "1930"]
[BlackElo "1940"]
[Result "1-0"]
[Round "1"]
1.b3 e5
2.Bc1b2 Nb8c6
3.e4 Ng8f6
4.f3 d6
5.d4 exd4
6.Bb2xd4 Nc6xd4
7.Qd1xd4 Bf8e7
8.Bf1d3 O-O
9.Ng1e2 c5
10.Qd4e3 Rf8e8
11.Nb1d2 Be7f8
12.Qe3f2 Bc8d7
13.O-O-O Bd7c6
14.Rh1e1 d5
15.exd5 Nf6xd5
16.Nd2c4 Qd8c7
17.Qf2h4 Nd5f6
18.Re1f1 Qc7e7
19.Rd1e1 h6
20.Ne2d4 Qe7d7
21.Nd4f5 Re8xe1
22.Rf1xe1 Bc6d5
23.Nc4e5 Qd7c7
24.g4 Ra8e8
25.Qh4g3 Bf8d6
26.Nf5xd6 Qc7xd6
27.c4 Bd5xf3
28.Ne5xf3 Re8xe1
29.Nf3xe1 Qd6xg3
30.hxg3 Nf6xg4
31.Ne1f3 Ng4f2
32.Bd3f5 g6
33.Bf5c8 b6
34.Nf3e5 Nf2e4
35.g4 Kg7
36.a4 Ne4f6
37.Kd1 g5
38.Ke2 h5
39.gxh5 Nf6xh5
40.Kf3 f6
41.Ne5g4 Kg6
42.Ke4 Nh5f4
43.Ng4e3 Nf4h5
44.Kd5 Nh5g7
45.Kc6 f5
46.Kb7 f4
47.Ne3g4 Kf7
48.Kxa7 { resign }
1-0